Bài tập & bài giải kế toán tài chính : Đã sửa đổi bổ sung toàn diện theo Thông tư 244/2009/TT-BTC ngày 31/12/2009 và vó hiệu lực kể từ ngày 15/02/2010
Quyển sách cung cấp các bài tập và bài giải về kế toán tài chính, giúp bạn đọc hiểu rõ hơn hoạt động này
Đã lưu trong:
| 主要作者: | |
|---|---|
| 格式: | 图书 |
| 语言: | Undetermined |
| 出版: |
Hà Nội
Lao động - Xã hội
2014
|
| 主题: | |
| 标签: |
添加标签
没有标签, 成为第一个标记此记录!
|
| Thư viện lưu trữ: | Trung tâm Học liệu Trường Đại học Cần Thơ |
|---|
| LEADER | 00948nam a2200217Ia 4500 | ||
|---|---|---|---|
| 001 | CTU_202744 | ||
| 008 | 210402s9999 xx 000 0 und d | ||
| 020 | |c 158500 | ||
| 082 | |a 657.83 | ||
| 082 | |b D513 | ||
| 100 | |a Phan, Đức Dũng | ||
| 245 | 0 | |a Bài tập & bài giải kế toán tài chính : | |
| 245 | 0 | |b Đã sửa đổi bổ sung toàn diện theo Thông tư 244/2009/TT-BTC ngày 31/12/2009 và vó hiệu lực kể từ ngày 15/02/2010 | |
| 245 | 0 | |c Phan Đức Dũng | |
| 260 | |a Hà Nội | ||
| 260 | |b Lao động - Xã hội | ||
| 260 | |c 2014 | ||
| 520 | |a Quyển sách cung cấp các bài tập và bài giải về kế toán tài chính, giúp bạn đọc hiểu rõ hơn hoạt động này | ||
| 650 | |a Kế toán quản trị,Managerial accounting | ||
| 904 | |i Nguyên | ||
| 980 | |a Trung tâm Học liệu Trường Đại học Cần Thơ | ||